000 00500nam a2200193 a 4500
999 _c4498
_d4498
003 BD-JhCC
005 20171127204931.0
008 171109s1965 pk |||| |||| 000 0 eng d
035 _a(BD-JhCC)
040 _aBD-JhCC
_dBD-JhCC
041 _aeng
082 _a909.097671
_bARN 1965
100 _aArnold, Thomas W.
245 _aThe Caliphate /
_cSir Thomas W. Arnold
260 _aPakistan:
_bOxford University Press;
_c1965
300 _a267 p. :
_c22 cm.
650 _aCaliphate
942 _2ddc
_cBK